[Event "81st ch-ESP Rapid 2016"]
[Site "Linares ESP"]
[Date "2016.08.14"]
[Round "8.22"]
[White "Sanchez Jimenez, Juan Carlos"]
[Black "Valmana Canto, Jaime"]
[Result "1/2-1/2"]
[WhiteTitle "FM"]
[BlackTitle "FM"]
[WhiteElo "2217"]
[BlackElo "2389"]
[WhiteFideId "2206331"]
[BlackFideId "2268990"]
[EventDate "2016.08.14"]

1. d4 Nf6 2. c4 g6 3. Nc3 Bg7 4. e4 d6 5. Nf3 O-O 6. Be2 e5 7. dxe5 dxe5 8. Qxd8
Rxd8 9. Bg5 Re8 10. O-O-O h6 11. Be3 c6 12. Ne1 Na6 13. f3 Be6 14. Nc2 Bf8 15.
Rd2 Nh5 16. Rhd1 Nf4 17. Bf1 Bc5 18. Bxc5 Nxc5 19. b4 Na6 20. Kb2 Kf8 21. a3 Nc7
22. c5 a5 23. Rd6 Ke7 24. g3 Nh5 25. Bc4 Nf6 26. Bxe6 Nxe6 27. h4 axb4 28. axb4
Red8 29. Rxd8 Rxd8 30. Rxd8 Kxd8 31. Ne2 Ne8 32. Kc3 N8c7 33. Na3 Ke7 34. Kc4 f5
35. exf5 gxf5 36. b5 Kf6 37. bxc6 bxc6 38. Nc2 Nd5 39. g4 fxg4 40. fxg4 e4 41.
Ned4 Ne7 42. Nxe6 Kxe6 43. Kd4 Ng6 44. Kxe4 Nxh4 45. Nd4+ Kd7 46. Nf5 Ng6 47.
Nxh6 Ke6 48. Nf5 Kf6 49. Nd4 Ne7 50. g5+ Kxg5 51. Ke5 Kg4 52. Kd6 Nd5 53. Nxc6
Nc3 54. Ne5+ Kf5 55. c6 Nb5+ 56. Kc5 Nc7 57. Nd3 Ke6 58. Kb6 Kd6 59. Kb7 Nb5 60.
Nb2 Kc5 61. Nd1 Nd6+ 62. Kc7 Ne8+ 63. Kd7 Nf6+ 64. Ke6 Kxc6 65. Kxf6 1/2-1/2

[Event "81st ch-ESP Rapid 2016"]
[Site "Linares ESP"]
[Date "2016.08.14"]
[Round "8.23"]
[White "Rodriguez Guerrero, Enrique"]
[Black "Navarrete Espi, Samuel"]
[Result "1-0"]
[BlackTitle "FM"]
[WhiteElo "2426"]
[BlackElo "2227"]
[WhiteFideId "2216892"]
[BlackFideId "2237725"]
[EventDate "2016.08.14"]

1. e4 e5 2. Bc4 Nc6 3. Nc3 Nf6 4. d3 Bc5 5. f4 d6 6. Nf3 O-O 7. f5 Na5 8. Bg5 c6
9. Qe2 Re8 10. a3 Nxc4 11. dxc4 Qb6 12. Na4 Qa5+ 13. b4 Qxa4 14. bxc5 dxc5 15.
Bxf6 gxf6 16. O-O b5 17. Nd2 Qxc2 18. Rac1 Qb2 19. Qg4+ Kh8 20. Rcd1 Qd4+ 21.
Kh1 Qe3 22. Nf3 Qh6 23. Qg3 b4 24. Qf2 Bxf5 25. exf5 e4 26. Ng1 e3 27. Qf3 Rab8
28. Ne2 b3 29. Qxc6 Qg5 30. Rb1 b2 31. Rxb2 Rxb2 32. Qxe8+ Kg7 33. Re1 Qh4 34.
Ng3 e2 35. Qe3 Qxc4 36. h3 Rb3 37. Nh5+ Kf8 38. Qh6+ Ke8 39. Nxf6+ Ke7 40. Ng4
Qe4 41. Qf6+ Kf8 42. Qd6+ Kg7 43. Qh6+ Kh8 44. Ra1 1-0

[Event "81st ch-ESP Rapid 2016"]
[Site "Linares ESP"]
[Date "2016.08.14"]
[Round "8.24"]
[White "Cruz Lledo, Pablo"]
[Black "Semenova, Elena1"]
[Result "1-0"]
[WhiteTitle "FM"]
[BlackTitle "WIM"]
[WhiteElo "2414"]
[BlackElo "2256"]
[WhiteFideId "2297361"]
[BlackFideId "24125148"]
[EventDate "2016.08.14"]

1. d4 f5 2. Nc3 Nf6 3. Bg5 d5 4. Bxf6 exf6 5. e3 c6 6. Bd3 Bd6 7. Qf3 g6 8. Nge2
Be6 9. O-O O-O 10. b3 Nd7 11. Na4 b5 12. Nb2 Ba3 13. Rab1 Rb8 14. h4 h5 15. Nf4
Bf7 16. Qe2 Bd6 17. c4 Bxf4 18. exf4 Re8 19. Qf3 Kg7 20. cxb5 cxb5 21. Nd1 Qb6
22. Ne3 Nf8 23. Qg3 Kh6 24. Bxf5 Rxe3 25. Qxe3 gxf5 26. Qe7 Kg7 27. Qc5 Qd8 28.
Rfe1 Rb7 29. Rbc1 Ne6 30. Qc6 Rb6 31. Qc3 Qd7 32. g3 b4 33. Qd3 Qb5 34. Qxb5
Rxb5 35. Red1 Ra5 36. Rd2 Ra6 37. f3 Be8 38. Kf2 Rb6 39. Ke3 Bd7 40. Rdc2 Kg6
41. Rg1 a5 42. g4 Ng7 43. Rc7 Re6+ 44. Kd2 Bb5 45. Rxg7+ Kxg7 46. gxf5+ Kf7 47.
fxe6+ Kxe6 48. Rg7 Kf5 49. Ke3 Ke6 50. Ra7 a4 51. bxa4 Bc4 52. Rb7 Bxa2 53. Rxb4
Bc4 54. a5 Kd7 55. Rb6 1-0

[Event "81st ch-ESP Rapid 2016"]
[Site "Linares ESP"]
[Date "2016.08.14"]
[Round "8.25"]
[White "Lopez Mulet, Inigo"]
[Black "Suarez Uriel, Adrian"]
[Result "1-0"]
[WhiteTitle "FM"]
[BlackTitle "FM"]
[WhiteElo "2343"]
[BlackElo "2311"]
[WhiteFideId "22235620"]
[BlackFideId "22230874"]
[EventDate "2016.08.14"]

1. d4 Nf6 2. c4 g6 3. f3 d5 4. cxd5 Nxd5 5. e4 Nb6 6. Nc3 Bg7 7. Be3 O-O 8. Qd2
e5 9. d5 c6 10. h4 cxd5 11. exd5 Qd6 12. Nh3 N8d7 13. Ng5 Nf6 14. Rd1 Rd8 15.
Nge4 Nxe4 16. fxe4 Bg4 17. Be2 Bxe2 18. Qxe2 Rac8 19. O-O Nc4 20. Bc1 h5 21. Qf2
Qb6 22. Qxb6 axb6 23. Nb5 Bf8 24. b3 Bc5+ 25. Kh2 Ne3 26. Bxe3 Bxe3 27. Rd3 Bf4+
28. g3 Rc2+ 29. Kg1 Bh6 30. Rf2 Rc5 31. a4 Bf8 32. Rf6 Rc2 33. d6 Rd7 34. Rf2
Rc6 35. Rfd2 Kg7 36. Rd5 f6 37. Kg2 Kf7 38. Kf3 Bh6 39. R2d3 Bc1 40. Na7 Ba3 41.
Nb5 Bb4 42. Ke2 Rc2+ 43. Kd1 Rg2 44. Rf3 Kg7 45. Nc7 f5 46. exf5 e4 47. Ne8+ Kh6
48. Re3 gxf5 49. Rxf5 Rg1+ 50. Ke2 Rd8 51. Rf6+ Kh7 52. Re6 Re1+ 53. Kf2 Rxe3
54. Kxe3 Kg8 55. Kxe4 Kf7 56. Re7+ Kf8 57. Ng7 Rxd6 58. Rxb7 Rh6 59. Kf5 Be1 60.
Ne6+ Ke8 61. Rxb6 Ke7 62. Rb7+ Kd6 63. Ng5 Kc6 64. Rh7 Rd6 65. Ne4 Rd5+ 66. Kf4
Ba5 67. Rh6+ Kc7 68. Rh7+ Kc6 69. Rh6+ Kc7 70. Re6 Kd7 71. Re5 Bc7 72. Nf6+ 1-0

[Event "81st ch-ESP Rapid 2016"]
[Site "Linares ESP"]
[Date "2016.08.14"]
[Round "8.26"]
[White "Diaz Velandia, Jose Manuel"]
[Black "Silva Lucena, Cristian"]
[Result "1-0"]
[WhiteTitle "FM"]
[WhiteElo "2343"]
[BlackElo "2230"]
[WhiteFideId "3901939"]
[BlackFideId "2232588"]
[EventDate "2016.08.14"]

1. d4 d5 2. Nf3 e6 3. e3 c6 4. Bd3 Bd6 5. O-O f5 6. Ne5 Nf6 7. f4 O-O 8. Nd2 Qe7
9. c3 b6 10. Rf3 c5 11. Rh3 Ba6 12. Bc2 Nbd7 13. Ndf3 cxd4 14. cxd4 Rac8 15. Bd2
Rc7 16. Ng5 Rfc8 17. Ba4 Nf8 18. Be1 Bxe5 19. dxe5 Ne4 20. Nxe4 dxe4 21. a3 Bd3
22. Bb4 Qf7 23. Qe1 Nd7 24. Bd6 Rc4 25. Bb3 R4c6 26. g4 fxg4 27. Rg3 h5 28. h3
gxh3 29. Rxh3 Bc2 30. Ba2 Qg6+ 31. Rg3 Qf7 32. Rg5 Kh7 33. Qh4 g6 34. f5 Nf8 35.
Bxe6 Nxe6 36. fxg6+ Qxg6 37. Rxg6 Rh8 1-0

[Event "81st ch-ESP Rapid 2016"]
[Site "Linares ESP"]
[Date "2016.08.14"]
[Round "8.28"]
[White "Rubio Tent, Francisco"]
[Black "Jimenez Martinez, Jose Vicente"]
[Result "1-0"]
[BlackTitle "FM"]
[WhiteElo "2199"]
[BlackElo "2329"]
[WhiteFideId "2238233"]
[BlackFideId "2264021"]
[EventDate "2016.08.14"]

1. e4 d6 2. d4 g6 3. Nc3 Bg7 4. f4 Nf6 5. Nf3 c5 6. Bb5+ Bd7 7. Bxd7+ Qxd7 8.
dxc5 dxc5 9. Qxd7+ Nfxd7 10. Nd5 Na6 11. c3 e6 12. Ne3 b5 13. O-O O-O-O 14. a4
b4 15. e5 Nb6 16. a5 Nd5 17. Nc4 Bf8 18. Ng5 Rd7 19. Ne4 Be7 20. Ncd6+ Bxd6 21.
Nxd6+ Kb8 22. c4 Ndc7 23. Be3 f5 24. Rad1 Rhd8 25. Rd2 Ne8 26. Rfd1 Nxd6 27.
exd6 Kb7 28. Bf2 Kc6 29. Bh4 Re8 30. Be7 Nb8 31. Re1 Kb7 32. Rxe6 Nc6 33. Rd5
Nd4 34. Re3 Rc8 35. Kf2 Rc6 36. Rh3 Ne6 37. Ke3 Ra6 38. Re5 Nd4 39. Rxc5 Nb3 40.
Rb5+ Kc6 41. Rxb4 Nxa5 42. Ra4 Rb7 43. Kd4 Nb3+ 44. Rxb3 Rxb3 45. Rxa6+ Kd7 46.
Rxa7+ Ke6 47. c5 Rxb2 48. c6 Rc2 49. c7 Kd7 50. Ra8 1-0

[Event "81st ch-ESP Rapid 2016"]
[Site "Linares ESP"]
[Date "2016.08.14"]
[Round "8.29"]
[White "Sanchez Aller, Fernando"]
[Black "Gines Esteo, Pedro Antonio"]
[Result "1/2-1/2"]
[WhiteTitle "FM"]
[WhiteElo "2281"]
[BlackElo "2194"]
[WhiteFideId "2222892"]
[BlackFideId "32080190"]
[EventDate "2016.08.14"]

1. e4 c6 2. d4 d5 3. e5 Bf5 4. h4 h5 5. c4 e6 6. Nc3 Ne7 7. Nge2 Nd7 8. Ng3 Bg6
9. cxd5 Nxd5 10. Nxd5 cxd5 11. Be2 Bb4+ 12. Bd2 Qa5 13. a3 Bxd2+ 14. Qxd2 Qxd2+
15. Kxd2 Rc8 16. Rac1 Ke7 17. Rxc8 Rxc8 18. Rc1 Rxc1 19. Kxc1 f6 20. f4 Be4 21.
Nxh5 Kf7 22. g4 Nf8 23. exf6 gxf6 24. g5 fxg5 25. hxg5 Ng6 26. Kd2 Nh4 27. Ng3
Ng2 28. Bh5+ Bg6 29. Bxg6+ Kxg6 30. Ne2 Kf5 31. Kd3 Ne1+ 32. Ke3 Ng2+ 33. Kf3
Nh4+ 34. Kg3 Ng6 35. Kh3 a6 36. Kg3 b5 37. Kf3 Nh4+ 38. Ke3 Ng2+ 39. Kf2 Nh4 40.
Kg3 Ng6 41. b4 Ke4 42. Kg4 Ke3 43. f5 exf5+ 44. Kxf5 Nh4+ 45. Ke6 Kxe2 46. Kxd5
Kd3 47. Kc5 Nf3 48. d5 Nxg5 49. Kb6 Ne4 50. Kxa6 Kc4 51. Kb6 Kxd5 52. Kxb5 Kd6
53. Kb6 Nc3 54. b5 Nxb5 55. Kxb5 Ke5 1/2-1/2

[Event "81st ch-ESP Rapid 2016"]
[Site "Linares ESP"]
[Date "2016.08.14"]
[Round "8.30"]
[White "Martinez Reyes, Pedro Ramon"]
[Black "Guadamuro Torrente, Anabel"]
[Result "1-0"]
[WhiteTitle "FM"]
[BlackTitle "WFM"]
[WhiteElo "2365"]
[BlackElo "2150"]
[WhiteFideId "3901807"]
[BlackFideId "2266296"]
[EventDate "2016.08.14"]

1. e4 d6 2. f4 e5 3. Nf3 Nc6 4. c3 g6 5. d4 exf4 6. Bxf4 Bg7 7. Bb5 a6 8. Ba4 b5
9. Bb3 Nf6 10. Nbd2 O-O 11. O-O h6 12. a4 Bb7 13. Bg3 Ne7 14. Qe2 bxa4 15. Rxa4
Nh5 16. Nh4 Nxg3 17. hxg3 d5 18. e5 Bc6 19. Rxa6 Rxa6 20. Qxa6 Qb8 21. Qa3 Re8
22. Ba4 Bxa4 23. Qxa4 c5 24. b3 g5 25. Nf5 Nxf5 26. Rxf5 Qc8 27. g4 Rf8 28. Nf3
cxd4 29. Qxd4 Rd8 30. b4 Qa6 31. Kh2 Qc6 32. Qa7 Rf8 33. Qe7 Qxc3 34. e6 fxe6
35. Qxe6+ Kh7 36. Rxf8 Bxf8 37. Qf5+ Kg7 38. Ne5 Qc7 39. g3 Bxb4 40. Qg6+ Kf8
41. Qxh6+ Ke8 42. Qe6+ Kf8 43. Nd7+ Kg7 44. Qf6+ Kh7 45. Qf7+ Kh8 46. Qh5+ Kg7
47. Qxg5+ Kf7 48. Qf6+ Ke8 49. Qe6+ Be7 50. Nf6+ 1-0

[Event "81st ch-ESP Rapid 2016"]
[Site "Linares ESP"]
[Date "2016.08.14"]
[Round "8.31"]
[White "Pazos Porta, Antonio"]
[Black "Mejuto De Ulloa, Jorge"]
[Result "1-0"]
[WhiteTitle "FM"]
[WhiteElo "2338"]
[BlackElo "2122"]
[WhiteFideId "2263190"]
[BlackFideId "2288370"]
[EventDate "2016.08.14"]

1. e4 e6 2. d4 d5 3. Bd3 dxe4 4. Bxe4 Nf6 5. Bf3 c5 6. Ne2 Nc6 7. Be3 cxd4 8.
Nxd4 Nxd4 9. Qxd4 Be7 10. Qxd8+ Bxd8 11. Na3 O-O 12. O-O-O Re8 13. Nb5 Nd5 14.
Bxd5 exd5 15. Nd6 Re6 16. Nxc8 Rxc8 17. Rxd5 Bf6 18. Rhd1 a6 19. Rd6 Rxd6 20.
Rxd6 Kf8 21. Rd7 b5 22. Rb7 Ke8 23. c3 Rc6 24. Kc2 g6 25. Kd3 h5 26. Ke4 Re6+
27. Kd3 Rd6+ 28. Kc2 Rc6 29. h3 g5 30. Rb6 Kd7 31. Kd3 Rxb6 32. Bxb6 Kc6 33. Bd4
Be7 34. Ke4 a5 35. g4 hxg4 36. hxg4 a4 37. b3 Kd6 38. Kf5 Kd5 39. Bf6 Bxf6 40.
Kxf6 Ke4 41. Kxg5 Kd3 42. c4 bxc4 43. bxc4 Kxc4 44. Kf6 a3 45. Kxf7 Kd5 1-0

[Event "81st ch-ESP Rapid 2016"]
[Site "Linares ESP"]
[Date "2016.08.14"]
[Round "8.32"]
[White "Lopez Gonzalez, Daniel"]
[Black "Bernabeu Lopez, Carlos Javier"]
[Result "1-0"]
[WhiteElo "2279"]
[BlackElo "2267"]
[WhiteFideId "2231948"]
[BlackFideId "2235366"]
[EventDate "2016.08.14"]

1. d4 Nf6 2. c4 g6 3. Nc3 Bg7 4. e4 d6 5. Be2 O-O 6. Bg5 Qe8 7. Qd2 e5 8. d5 a5
9. Bd1 Na6 10. Nge2 Nh5 11. f3 f5 12. Be3 fxe4 13. Nxe4 Nf4 14. O-O Bf5 15. Bc2
Bxe4 16. Bxe4 Qd7 17. Rac1 b6 18. b3 Nxe2+ 19. Qxe2 Qe7 20. a3 Bf6 21. Qd2 Nc5
22. Bc2 a4 23. b4 Nb3 24. Bxb3 axb3 25. Qb2 e4 26. Qxb3 Rae8 27. f4 Qg7 28. Rc2
Rf7 29. a4 Ref8 30. g3 Bd4 31. Rcf2 g5 32. fxg5 Rf3 33. Rxf3 exf3 34. Qd3 Bc3
35. Qe4 Bxb4 36. Rxf3 Qa1+ 37. Kg2 Qa2+ 38. Bf2 Rxf3 39. Kxf3 Qxa4 40. Qe6+ Kf8
41. Qc8+ Kf7 42. Qxc7+ Kg6 43. Qe7 Qb3+ 44. Kg2 Qb2 45. Qe4+ Kg7 46. Qd4+ Qxd4
47. Bxd4+ Kg6 48. h4 1-0

[Event "81st ch-ESP Rapid 2016"]
[Site "Linares ESP"]
[Date "2016.08.14"]
[Round "9.1"]
[White "Munoz, Miguel"]
[Black "Alonso Rosell, Alvar"]
[Result "0-1"]
[WhiteTitle "GM"]
[BlackTitle "GM"]
[WhiteElo "2451"]
[BlackElo "2524"]
[WhiteFideId "3800229"]
[BlackFideId "2270544"]
[EventDate "2016.08.14"]

1. e4 c6 2. Nc3 d5 3. Nf3 Nf6 4. e5 Ne4 5. Be2 Nxc3 6. bxc3 c5 7. d4 c4 8. O-O
e6 9. Ng5 h6 10. Nh3 Qa5 11. Bd2 Nc6 12. f4 Bd7 13. g4 O-O-O 14. f5 Be7 15. fxe6
fxe6 16. Nf4 Bg5 17. Ng6 Rhg8 18. Bxg5 hxg5 19. Qd2 Qa3 20. Rf3 Be8 21. Qxg5 Qb2
22. Raf1 Qxc2 23. Nf4 Bd7 24. R1f2 Qxa2 25. Bf1 Qa3 26. Qg6 Ne7 27. Qb1 Nc6 28.
Rb2 Nxd4 29. cxd4 Qxf3 30. Rxb7 Qe3+ 31. Kg2 Qe4+ 32. Qxe4 dxe4 33. Rxa7 Kb8 34.
Ra3 Rgf8 35. Ng6 Rf3 36. Rxf3 exf3+ 37. Kxf3 c3 38. Ke3 Rc8 39. Bd3 c2 40. Bxc2
Rxc2 41. h4 Kc7 42. h5 Kd8 43. g5 Rg2 44. Kf4 Ke8 45. Nh4 Rg1 46. Nf3 Rh1 47.
Kg4 Ba4 48. Kf4 Rxh5 49. d5 exd5 50. Kf5 Kf7 51. e6+ Kf8 52. Kg6 Rh3 53. Nd4 Rh4
54. e7+ Kg8 55. Nf5 Be8# 0-1

[Event "81st ch-ESP Rapid 2016"]
[Site "Linares ESP"]
[Date "2016.08.14"]
[Round "9.2"]
[White "Vallejo Pons, Francisco"]
[Black "Anton Guijarro, David"]
[Result "1/2-1/2"]
[WhiteTitle "GM"]
[BlackTitle "GM"]
[WhiteElo "2713"]
[BlackElo "2627"]
[WhiteFideId "2205530"]
[BlackFideId "2285525"]
[EventDate "2016.08.14"]

1. e4 c6 2. d4 d5 3. e5 Bf5 4. Nf3 e6 5. Be2 Nd7 6. O-O h6 7. Nbd2 Ne7 8. Nb3
Qc7 9. c3 O-O-O 10. Nh4 Be4 11. f3 Bh7 12. f4 Nf5 13. Nxf5 Bxf5 14. Be3 Kb8 15.
Bd3 g6 16. Be2 h5 17. Nd2 Be7 18. b4 Rdg8 19. Nf3 Nb6 20. Qb3 h4 21. a4 Nc4 22.
Bxc4 dxc4 23. Qxc4 h3 24. g3 Qd7 25. Rf2 Qd5 26. Nd2 a5 27. bxa5 Qxa5 28. Qb3
Qa6 29. c4 Rd8 30. Nf3 Rd7 31. Rd1 Rhd8 32. Rfd2 c5 33. d5 exd5 34. cxd5 c4 35.
Qc3 Rc8 36. a5 Bd8 37. Ra1 Be4 38. e6 Rxd5 39. Rxd5 Bxd5 40. Qe5+ Ka8 41. Qxd5
fxe6 42. Qd7 Rb8 43. Kf2 c3 44. Ne5 Bf6 45. Qd3 Bxe5 46. Qxa6+ bxa6 47. fxe5
Rb2+ 48. Kf3 Rxh2 49. Rc1 Ra2 50. Rxc3 Rxa5 51. Rc8+ Kb7 52. Rh8 Rxe5 53. Rxh3
a5 54. Rh7+ Kc6 55. Ra7 Kb5 56. Bd2 Kb6 57. Ra8 Rd5 58. Be1 Rf5+ 59. Ke4 Rg5 60.
Rxa5 Rxg3 61. Re5 Rg2 62. Kf3 Ra2 63. Rxe6+ Kc5 64. Bg3 Kd5 65. Rd6+ Kc5 66. Be5
g5 67. Rd8 Kc4 68. Ke4 Re2+ 69. Kf5 Ra2 70. Ke6 g4 71. Rg8 Ra6+ 72. Bd6 Kd3 73.
Rxg4 Ke3 74. Kd5 Kd3 75. Rg3+ Ke2 76. Bc5 Ra8 77. Bd4 Rc8 78. Ke4 Rc2 79. Rh3
Rd2 80. Bc3 Rc2 81. Kd4 Kd1 82. Kc4 Rg2 83. Re3 Kc2 84. Bd4 Rh2 85. Ra3 Re2 86.
Ra1 Rd2 87. Be3 Re2 88. Kd4 Kb2 89. Ra8 Rg2 90. Kc4 Kb1 91. Bd4 Ra2 92. Rh8 Kc2
93. Rh2+ Kb1 94. Rh3 Kc2 95. Bc3 Ra4+ 96. Bb4 Ra2 97. Rh1 Rb2 98. Ra1 Rb1 99.
Ra3 Kb2 100. Rc3 Ka2 101. Rc2+ Rb2 102. Rc1 Rb1 103. Rc3 Rb2 104. Ra3+ Kb1 105.
Bc3 Ra2 106. Rb3+ Kc2 107. Rb4 Kd1 108. Rb1+ Ke2 109. Re1+ 1/2-1/2

[Event "81st ch-ESP Rapid 2016"]
[Site "Linares ESP"]
[Date "2016.08.14"]
[Round "9.3"]
[White "Arizmendi Martinez, Julen Luis"]
[Black "Matnadze, Ana"]
[Result "1/2-1/2"]
[WhiteTitle "GM"]
[BlackTitle "IM"]
[WhiteElo "2496"]
[BlackElo "2355"]
[WhiteFideId "2205092"]
[BlackFideId "13601377"]
[EventDate "2016.08.14"]

1. d4 Nf6 2. c4 e6 3. Nc3 Bb4 4. e3 Nc6 5. Bd3 e5 6. Ne2 d5 7. cxd5 Nxd5 8. O-O
exd4 9. exd4 O-O 10. a3 Be7 11. Be4 Be6 12. Qc2 g6 13. Bh6 Re8 14. Rad1 Bg5 15.
Bxg5 Qxg5 16. h4 Qd8 17. g3 Nce7 18. Bg2 c6 19. Qc1 Nf5 20. Ne4 Nf6 21. N4c3 Kg7
22. Qf4 Bb3 23. Rd2 Qd6 24. Bh3 Qxf4 25. Nxf4 Nd6 26. Rc1 Rad8 27. Re2 Bc4 28.
Re5 Bb3 29. Nce2 Nb5 30. Re3 Rxe3 31. fxe3 Re8 32. Ng2 Nd5 33. Nef4 Nxf4 34.
gxf4 Bd5 35. Kf2 Nd6 36. Re1 Ne4+ 37. Ke2 Bc4+ 38. Kf3 Bd5 39. Ke2 Bc4+ 40. Kf3
f5 41. h5 Bd5 42. Nh4 Nf6+ 43. Kf2 Nxh5 44. Rg1 Kf6 45. Bg2 Be4 46. Nf3 Bxf3 47.
Bxf3 Ng7 48. Rc1 Rd8 49. b4 a6 50. a4 Ne8 51. Rc5 Nd6 52. d5 cxd5 53. Bxd5 Rd7
54. Kf3 h6 55. b5 axb5 56. axb5 g5 57. fxg5+ hxg5 58. b6 Ne8 59. Bb3 Rd6 60. Bc2
Ng7 61. Rb5 Re6 62. Ba4 g4+ 63. Kf2 Rd6 64. Ke2 Ne6 65. Bc2 f4 66. Rf5+ Ke7 67.
Re5 f3+ 68. Kf1 Rxb6 69. Be4 Kf6 70. Rf5+ Ke7 71. Rh5 Rb4 72. Bxb7 Rb1+ 73. Kf2
Rb2+ 74. Kf1 Kf6 75. Rh6+ Ke5 76. Rh5+ Kf6 77. Rh6+ Ke5 78. Rh5+ Kf6 79. Rh6+
Ke5 1/2-1/2

[Event "81st ch-ESP Rapid 2016"]
[Site "Linares ESP"]
[Date "2016.08.14"]
[Round "9.4"]
[White "Vazquez Igarza, Renier"]
[Black "Aranda Marin, Cristian"]
[Result "1/2-1/2"]
[WhiteTitle "GM"]
[BlackTitle "FM"]
[WhiteElo "2589"]
[BlackElo "2350"]
[WhiteFideId "3503054"]
[BlackFideId "2205513"]
[EventDate "2016.08.14"]

1. Nf3 c5 2. c4 Nf6 3. Nc3 b6 4. g3 Bb7 5. Bg2 g6 6. O-O Bg7 7. d4 cxd4 8. Qxd4
Na6 9. b3 Nc5 10. Bb2 O-O 11. Qe3 d6 12. Rad1 Rc8 13. Nd4 Bxg2 14. Kxg2 Qd7 15.
Qf3 Ne6 16. Nxe6 fxe6 17. Qd3 Qb7+ 18. f3 Rf7 19. e4 Nd7 20. Qe2 Rcf8 21. Nb5
Bxb2 22. Qxb2 e5 23. Nc3 Nc5 24. Qd2 Ne6 25. Ne2 Kg7 26. Qd5 Qc8 27. Qd2 h6 28.
Qe3 Ng5 29. Ng1 Qc5 30. Qd3 Ne6 31. Ne2 g5 32. h3 h5 33. g4 h4 34. Qd2 Kg6 35.
Rf2 Nf4+ 36. Nxf4+ Rxf4 37. Qe2 Qa5 38. Rd3 Rc8 39. Qd2 Qc5 40. Rd5 Qa3 41. Qb2
Qxb2 42. Rxb2 Rff8 43. a4 Rc5 44. Rbd2 Rfc8 45. Kf2 Kf6 46. Ke2 Ke6 47. R2d3
Rxd5 48. Rxd5 Rc5 49. Rd1 Rc8 50. Ke3 Kd7 51. Rd5 Rc5 52. Rd3 Rc8 53. Kd2 a5 54.
Kc3 Kc6 55. Kd2 Rf8 56. Ke3 Rb8 57. Kd2 Kc5 58. Rd5+ Kc6 59. Kc3 Rf8 60. Rd3 Kc5
61. Re3 Rf7 62. Rd3 Rf8 63. Kb2 Rf7 64. Kc3 Rf8 1/2-1/2

[Event "81st ch-ESP Rapid 2016"]
[Site "Linares ESP"]
[Date "2016.08.14"]
[Round "9.5"]
[White "Del Rio De Angelis, Salvador G."]
[Black "Suarez Garcia, Carlos"]
[Result "1-0"]
[WhiteTitle "GM"]
[BlackTitle "FM"]
[WhiteElo "2522"]
[BlackElo "2426"]
[WhiteFideId "2203138"]
[BlackFideId "22230858"]
[EventDate "2016.08.14"]

1. d4 d5 2. c4 e6 3. Nc3 c6 4. Nf3 dxc4 5. a4 Bb4 6. e4 b5 7. Be2 a6 8. O-O Bb7
9. e5 Ne7 10. Ne4 Nd5 11. Bd2 Be7 12. Nfg5 Qb6 13. Bh5 g6 14. Qf3 gxh5 15. Qxf7+
Kd8 16. Nxe6+ Kc8 17. a5 Qa7 18. Bg5 c5 19. Bxe7 Nxe7 20. Nd6+ Kd7 21. Nxc5+ 1-0

[Event "81st ch-ESP Rapid 2016"]
[Site "Linares ESP"]
[Date "2016.08.14"]
[Round "9.6"]
[White "Domingo Nunez, Ruben"]
[Black "Ibarra Jerez, Jose Carlos"]
[Result "0-1"]
[WhiteTitle "FM"]
[BlackTitle "GM"]
[WhiteElo "2321"]
[BlackElo "2563"]
[WhiteFideId "22245570"]
[BlackFideId "2226332"]
[EventDate "2016.08.14"]

1. e4 c5 2. Nf3 e6 3. d4 cxd4 4. c3 Nf6 5. e5 Nd5 6. cxd4 d6 7. a3 Nc6 8. Bd3 g6
9. O-O Bg7 10. Re1 O-O 11. Qe2 b6 12. Bd2 Bb7 13. Nc3 Nxc3 14. Bxc3 dxe5 15.
dxe5 Rc8 16. Bb5 Qc7 17. Rac1 Rfd8 18. Bb4 Nd4 19. Qe3 Nxf3+ 20. gxf3 Qb8 21.
Bd6 Qa8 22. Be2 Bd5 23. Qf4 Qb7 24. Qa4 a5 25. Qf4 h5 26. Qe3 Kh7 27. Qd3 Bh6
28. Rc3 Rxc3 29. Qxc3 Rc8 30. Qd3 Rc4 31. Kf1 Rf4 32. b4 Qc6 33. bxa5 bxa5 34.
Rb1 Bxf3 35. Bxf3 Rxf3 36. Qe2 Rb3 0-1

[Event "81st ch-ESP Rapid 2016"]
[Site "Linares ESP"]
[Date "2016.08.14"]
[Round "9.7"]
[White "Asis Gargatagli, Hipolito"]
[Black "Alvarado Diaz, Alejandro"]
[Result "1-0"]
[WhiteTitle "IM"]
[BlackTitle "IM"]
[WhiteElo "2487"]
[BlackElo "2441"]
[WhiteFideId "2260735"]
[BlackFideId "2276119"]
[EventDate "2016.08.14"]

1. e4 c5 2. Nf3 Nc6 3. d4 cxd4 4. Nxd4 Qb6 5. Nb3 Nf6 6. Nc3 e6 7. a3 a6 8. Bf4
e5 9. Be3 Qd8 10. f3 d6 11. g4 Be6 12. g5 Nh5 13. Qd2 h6 14. gxh6 Qh4+ 15. Bf2
Qf4 16. Qxf4 Nxf4 17. hxg7 Bxg7 18. O-O-O Ke7 19. Nd5+ Bxd5 20. exd5 Nd8 21. c4
f5 22. Kb1 Nf7 23. Na5 Ng5 24. c5 Nxf3 25. cxd6+ Kf7 26. Bb6 Bf6 27. Bc7 Ra7 28.
Bb6 Raa8 29. Bc7 Ra7 30. Nc4 b5 31. Ne3 Nd4 32. Bb6 Rd7 33. Bxd4 exd4 34. Nxf5
Rh5 35. Ng3 Re5 36. Bd3 Rxd6 37. Bc2 d3 38. Bxd3 Nxd3 39. Rxd3 Rexd5 40. Rxd5
Rxd5 41. Rf1 Kg6 42. Rf2 a5 43. Ne2 Kg5 44. Ng3 Kg6 45. Ne2 Rd8 46. Nf4+ Kh6 47.
Ne6 Rd1+ 48. Kc2 1-0

[Event "81st ch-ESP Rapid 2016"]
[Site "Linares ESP"]
[Date "2016.08.14"]
[Round "9.8"]
[White "Pardo Simon, David"]
[Black "Forcen Esteban, Daniel"]
[Result "0-1"]
[WhiteTitle "IM"]
[BlackTitle "GM"]
[WhiteElo "2492"]
[BlackElo "2561"]
[WhiteFideId "2296276"]
[BlackFideId "2288230"]
[EventDate "2016.08.14"]

1. b3 a5 2. a3 c5 3. Nf3 Nc6 4. Nc3 d5 5. e3 d4 6. Ne4 e5 7. Bc4 f5 8. Neg5 Nh6
9. d3 Qf6 10. exd4 cxd4 11. O-O Bd7 12. Re1 O-O-O 13. b4 Bd6 14. bxa5 Nxa5 15.
Ba2 Rde8 16. Bd2 Bc7 17. Rb1 Bc6 18. c3 Ng4 19. h3 Nxf2 20. Kxf2 e4 21. Nxd4 e3+
22. Bxe3 f4 23. Bd2 Qxg5 24. Nxc6 Qg3+ 25. Kg1 Nxc6 26. Qg4+ Qxg4 27. hxg4 g5
28. d4 Bd6 29. a4 Kc7 30. d5 Ne5 31. c4 Bc5+ 32. Kh1 h5 0-1

[Event "81st ch-ESP Rapid 2016"]
[Site "Linares ESP"]
[Date "2016.08.14"]
[Round "9.9"]
[White "Ladron De Guevara Pinto, Paolo"]
[Black "Huerga Leache, Mikel"]
[Result "1-0"]
[WhiteTitle "FM"]
[BlackTitle "IM"]
[WhiteElo "2369"]
[BlackElo "2455"]
[WhiteFideId "2290847"]
[BlackFideId "2268795"]
[EventDate "2016.08.14"]

1. Nf3 d5 2. g3 Bg4 3. Bg2 Nd7 4. O-O Ngf6 5. d3 e6 6. Nbd2 Be7 7. b3 O-O 8. Bb2
a5 9. a3 c5 10. e4 a4 11. h3 Bh5 12. Qe2 axb3 13. cxb3 h6 14. Rfc1 Bg6 15. Nh4
Bh7 16. f4 Qb6 17. Kh2 Qa6 18. Qe3 Bd8 19. Re1 Rc8 20. Rac1 Bb6 21. Qe2 Rfd8 22.
Nhf3 Ne8 23. Bf1 Ndf6 24. Qg2 Qa5 25. Kh1 Ba7 26. g4 Bb8 27. f5 Bf4 28. Bc3 Qc7
29. Bb2 b6 30. Re2 dxe4 31. dxe4 e5 32. Nc4 b5 33. Bxe5 Bxe5 34. Ncxe5 Nd6 35.
g5 hxg5 36. Nxg5 Re8 37. Ng4 Nh5 38. Re3 Kh8 39. Qf3 Nb7 40. Bxb5 Red8 41. f6
Rd2 42. fxg7+ Kxg7 43. e5 Bg6 44. Bd3 Rd8 45. Bxg6 Kxg6 46. Qe4+ Kxg5 47. h4+
Kxh4 48. Rg1 f5 49. Nh6+ 1-0